000 007840000a22002170004500
090 _aAR
_b04075
245 1 0 _aExtracción de recursos naturales en el trópico latinoamericano
_suna ola reciente de inversiones representa nuevos desafíos para la conservación de la biodiversidad
650 1 4 _aPolíticas ambientales
_95366
650 1 4 _aActividades extractivas
_99322
650 1 4 _aBosques tropicales
_992765
650 1 4 _aConservación
_992401
651 4 _pAmérica del Sur
_992749
651 4 _pAmérica Central
_992749
041 0 _aEspañol
700 1 _aRosenfeld, Amy B.
_919972
700 1 _aSugal, Cheri A.
_997915
700 1 _aMittermeier, Russell A.
_96443
100 1 _aBowles, Ian A.
_912621
942 _cARTICULO
773 1 _tCuadernos de Políticas
_h1
_q1-12
_d1998
999 _c13107
_d13107